000 01266nam0a22002771 4500
001 rc\3484152
005 20260407014722.0
021 _aRU
_b[70-26980]
035 _a(NLR Aleph) 007646030
090 _a6177552
_c6177552
100 _a20130115d1970 |||y0rusy50 ca
101 0 _arus
102 _aRU
105 _aab z |||||
200 1 _aНовейшие тектонические движения и структуры Альпийского геосинклинального пояса Юго-Западной Евразии
_e[Сборник статей
_fРед.: М.Г. Агабеков и др.]
_gАН АзССР. Ин-т геологии им. И.М. Губкина
210 _aБаку
_cЭлм
_d1970
215 _a158 с., 3 л. схем., карт.
_cсхем., карт.
_d27
320 _aБиблиогр. в конце статей
606 _aАльпийская складчатость
_jСборники
_2psbo
702 1 _aАгабеков
_bМ.Г. оглы
_gМамед Гейдар оглы
_4340
712 0 2 _aИнститут геологии им. И. М. Губкина
_cБаку
_3RU\NLR\AUTH\8810003125
_9503475
801 0 _aRU
_bNLR
_gpsbo
801 1 _aRU
_bELAR
_2rusmarc
852 _aNLR
_j69-7/3124
942 _cBOOK
980 _aNB